Secondary processes as indicators of productivity in low-resistance reservoir; Проблемы геологии и освоения недр; Т. 2

Библиографические подробности
Источник:Проблемы геологии и освоения недр=Problems of Geology and Subsurface Development: труды XXIV Международного симпозиума имени академика М. А. Усова студентов и молодых учёных, посвященного 75-летию Победы в Великой Отечественной войне, Томск, 6-10 апреля 2020 г./ Национальный исследовательский Томский политехнический университет, Инженерная школа природных ресурсов ; гл. ред. А. С. Боев ; под ред. Е. Ю. Пасечник.— , 2020
Т. 2.— 2020.— [С. 678-679]
Главный автор: Okhotnikov V. E.
Корпоративные авторы: Национальный исследовательский Томский политехнический университет Инженерная школа природных ресурсов Отделение нефтегазового дела, Национальный исследовательский Томский политехнический университет Школа базовой инженерной подготовки Отделение иностранных языков
Другие авторы: Chernousov E. D. (научный руководитель), Melnik I. A. Igor Anatolevich, Rymanova I. E. Irina Evgenievna
Примечания:Заглавие с экрана
Язык:английский
Опубликовано: 2020
Серии:Геология, горное и нефтегазовое дело (доклады на английском и немецком языках)
Предметы:
Online-ссылка:http://earchive.tpu.ru/handle/11683/62887
Формат: Электронный ресурс Статья
Запись в KOHA:https://koha.lib.tpu.ru/cgi-bin/koha/opac-detail.pl?biblionumber=631744

MARC

LEADER 00000naa2a2200000 4500
001 631744
005 20231101133658.0
035 |a (RuTPU)RU\TPU\conf\33445 
035 |a RU\TPU\conf\33440 
090 |a 631744 
100 |a 20200916d2020 k y0rusy50 ba 
101 0 |a eng 
102 |a RU 
105 |a y z 100zy 
135 |a drcn ---uucaa 
181 0 |a i  
182 0 |a b 
200 1 |a Secondary processes as indicators of productivity in low-resistance reservoir  |f V. E. Okhotnikov, E. D. Chernousov  |g sci. adv. I. A. Melnik, I. E. Rymanova 
203 |a Текст  |c электронный 
225 1 |a Геология, горное и нефтегазовое дело (доклады на английском и немецком языках) 
230 |a 1 компьютерный файл (pdf; 1 188 Kb) 
300 |a Заглавие с экрана 
320 |a [Библиогр.: с. 679 (3 назв.)] 
461 1 |0 (RuTPU)RU\TPU\conf\32983  |t Проблемы геологии и освоения недр  |l Problems of Geology and Subsurface Development  |o труды XXIV Международного симпозиума имени академика М. А. Усова студентов и молодых учёных, посвященного 75-летию Победы в Великой Отечественной войне, Томск, 6-10 апреля 2020 г.  |o в 2 т.  |f Национальный исследовательский Томский политехнический университет, Инженерная школа природных ресурсов ; гл. ред. А. С. Боев ; под ред. Е. Ю. Пасечник  |d 2020 
463 1 |0 (RuTPU)RU\TPU\conf\32985  |t Т. 2  |v [С. 678-679]  |d 2020 
610 1 |a труды учёных ТПУ 
610 1 |a электронный ресурс 
610 1 |a вторичные процессы 
610 1 |a продуктивность 
610 1 |a низкоомные коллекторы 
610 1 |a электрическое сопротивление 
610 1 |a ГИС 
610 1 |a залежи 
610 1 |a углеводороды 
610 1 |a пласты 
700 1 |a Okhotnikov  |b V. E. 
701 1 |a Chernousov  |b E. D. 
702 1 |a Melnik  |b I. A.  |c physicist, specialist in the field of nuclear physics  |c Professor of Tomsk Polytechnic University, Doctor of Geological and Mineralogical Sciences  |f 1962-  |g Igor Anatolevich  |2 stltpush  |4 727 
702 1 |a Rymanova  |b I. E.  |c linguist  |c senior lecturer of Tomsk Polytechnic University  |f 1966-  |g Irina Evgenievna  |2 stltpush  |4 727 
712 0 2 |a Национальный исследовательский Томский политехнический университет  |b Инженерная школа природных ресурсов  |b Отделение нефтегазового дела  |h 8084  |2 stltpush  |3 (RuTPU)RU\TPU\col\23546 
712 0 2 |a Национальный исследовательский Томский политехнический университет  |b Школа базовой инженерной подготовки  |b Отделение иностранных языков  |h 8029  |2 stltpush  |3 (RuTPU)RU\TPU\col\23510 
801 2 |a RU  |b 63413507  |c 20200925  |g RCR 
856 4 |u http://earchive.tpu.ru/handle/11683/62887 
942 |c BK